000
00333nam a2200133Ia 4500
008
240624s9999 xx 000 0 und d
041
_a
eng
082
_a
920 SET
100
_a
SETH LEILA
245
_a
ON BALANCE AN AUTOBIOGRAPHY
260
_c
2007
_a
New Delhi
_b
Penguin Books India
300
_a
478 , p. , 24 : cm.
365
_c
RS
_b
20
999
_c
9603
_d
9603